00663 2200229 4500001002100000005001500021035002000036007000300056008004100059020002200100082002200122084002800144100001700172245004700189260007400236300002700310700001600337856002900353650001500382650001200397990002400409INLIS00000000000849320260619094424 a0010-0626000062ta260619 0 ind  a978-979-8943-11-9 a635.934.15(048.3) a635.934.15(048.3) SOR a0 aSORMIN, Remi1 aAbstrak Hasil Penelitian Komoditas Anggrek aBogor :bPusat Perpustakaan Dan Penyebaran Teknologi Pertanian,c2009 a70p :bIlus ;c25.2 cm0 aDyah Artati aPerpustakaan BBRMP JATIM 4aPenelitian 4aAnggrek a644/2026/BBRMPJATIM